| 000 | 00513nam a2200181Ia 4500 | ||
|---|---|---|---|
| 001 | 1305 | ||
| 005 | 20260306143718.0 | ||
| 008 | 260306t1999||||xx |||||||||||||| ||spa|| | ||
| 041 | _aESP | ||
| 082 |
_a193 _bK21P |
||
| 100 |
_aKant, Manuel _eAUT |
||
| 245 | 0 | _aProlegómenos a toda metafísica del porvenir; Observaciones sobre el sentimiento de lo bello y lo sublime; Crítica del juicio | |
| 260 | _c1999 | ||
| 300 |
_a406 páginas : _c22 cm. |
||
| 650 | _aGEN | ||
| 654 | _aCHU | ||
| 942 |
_cLIB _dJUS _fJUS _2ddc _n |
||
| 999 |
_c1305 _d1305 |
||